Coureurs de l'équipe cycliste Lotto-Dstny 2023 - Statistiques

Statistiques générales
  • Ce quiz a été pris 48 fois
    43 depuis la dernière actualisation
  • Le résultat moyen est 12 sur 27
Statistiques - réponses
Nat Coureur % Correct
🇦🇺 Caleb Ewan
84%
🇧🇪 Arnaud De Lie
81%
🇧🇪 Jasper De Buyst
76%
🇧🇪 Victor Campenaerts
68%
🇦🇷 Eduardo Sepulveda
65%
🇧🇪 Florian Vermeersch
65%
🇧🇪 Maxim Van Gils
65%
🇧🇪 Frederik Frison
62%
🇩🇰 Andreas Kron
57%
🇧🇪 Cédric Beullens
57%
🇳🇱 Pascal Eenkhoorn
54%
🇧🇪 Thomas De Gendt
54%
🇧🇪 Sylvain Moniquet
49%
🇧🇪 Brent Van Moer
46%
🇮🇹 Jacopo Guarnieri
41%
🇧🇪 Milan Menten
35%
🇦🇺 Harry Sweeny
32%
🇦🇺 Jarrad Drizners
32%
🇩🇪 Rüdiger Selig
32%
🇧🇪 Lennert Van Eetvelt
30%
🇧🇪 Sébastien Grignard
30%
🇩🇪 Michael Schwarzmann
27%
🇧🇪 Jarne Van de Paar
22%
🇩🇪 Johannes Adamietz
19%
🇳🇱 Mathijs Paasschens
19%
🇧🇪 Liam Slock
16%
🇧🇪 Arjen Livyns
11%
Aucun quiz correspondant
Distribution des résultats
% des personnes avec chaque résultat
Percentile par nombre de réponses
Votre historique - résultats
Vous n’avez pas pris ce quiz depuis la dernière actualisation